Les 20 villes les plus peuplées de l'Ain (01) - Statistiques

Statistiques générales
  • Ce quiz a été pris 61 fois
  • Le résultat moyen est 8 sur 20
Statistiques - réponses
Habitants (en milliers) Première lettre de la ville ANSWER % Correct
42 065 B Bourg-en-Bresse
100%
22 378 O Oyonnax
94%
15 554 A Ambérieu-en-Bugey
68%
9 270 B Belley
64%
13 455 G Gex
64%
16 162 V Valserhône
57%
11 530 F Ferney-Voltaire
47%
10 300 D Divonne-les-Bains
38%
10 450 M Miribel
38%
8 198 M Meximieux
36%
14 584 S Saint-Genis-Pouilly
36%
6 437 P Péronnas
32%
6 955 V Viriat
30%
7 321 L Lagnieu
28%
6 931 T Trévoux
28%
6 879 M Montluel
26%
6 315 J Jassans-Riottier
17%
6 356 T Thoiry
17%
6 078 S Saint-Denis-lès-Bourg
15%
9 081 P Prévessin-Moëns
13%
Aucun quiz correspondant
Distribution des résultats
% des personnes avec chaque résultat
Percentile par nombre de réponses
Votre historique - résultats
Vous n’avez pas pris ce quiz